|
|
|
|
| LEADER |
00000nab a2200000 ar4500 |
| 001 |
vtls009008696 |
| 003 |
SK-MaSNL |
| 005 |
20260303065528.0 |
| 008 |
070723c2007 xo qr|p||| |000 b|slo |
| 015 |
|
|
|a SNBRB2007/07
|
| 038 |
|
|
|a SPK
|
| 040 |
|
|
|a SPKCL
|b slo
|c 1997
|e AACR2
|
| 041 |
0 |
|
|a slo
|
| 044 |
|
|
|a xo
|c SK
|
| 072 |
|
7 |
|a 027
|x Univerzálne knižnice. Verejné knižnice
|2 konspekt
|
| 072 |
|
7 |
|a 004
|x Počítačová veda. Výpočtová technika. Informačné technológie
|2 konspekt
|
| 072 |
|
7 |
|a 06
|x Organizácie všeobecnej povahy
|2 konspekt
|
| 080 |
|
|
|a 027.081
|2 UDC-MRF-SK2
|
| 080 |
|
|
|a 004.08
|2 UDC-MRF-SK2
|
| 080 |
|
|
|a 651.56
|2 UDC-MRF-SK2
|
| 080 |
|
|
|a 061.3
|2 UDC-MRF-SK2
|
| 100 |
1 |
|
|a Kinčíková, Katarína
|4 aut
|9 611600
|
| 245 |
1 |
0 |
|a Európska konferencia o archivácii digitálnych zdrojov
|b (NSR, Frankfurt 20.-21. apríla 2007)
|c Katarína Kinčíková, Erik Kriššák
|
| 610 |
2 |
7 |
|a Nemecká národná knižnica (Nemecko)
|2 spk
|9 1065703
|
| 611 |
2 |
7 |
|a Európska konferencia o archivácii digitálnych zdrojov
|g konferencia
|d ( 2007 :
|c Frankfurt, Slovensko)
|2 spk
|9 1065704
|
| 650 |
0 |
7 |
|a digitálne knižnice
|2 snkbucl
|9 62186
|
| 650 |
0 |
7 |
|a elektronické zdroje
|2 snkbucl
|9 68867
|
| 650 |
0 |
7 |
|a archivácia dokumentov
|2 snkbucl
|9 58520
|
| 650 |
0 |
7 |
|a konferencie
|2 snkbucl
|9 19221
|
| 700 |
1 |
|
|a Kriššák, Erik
|4 aut
|9 410389
|
| 773 |
0 |
|
|t IT lib : informačné technológie a knižnice
|g Roč. [11], č. 2 (2007), s. 56-58
|x 1335-793X
|
| 852 |
|
|
|a SPK
|b KIS3GCP
|
| 856 |
4 |
1 |
|u www.ctvisr.sk/itlib
|
| 999 |
|
|
|c 1751570
|d 1753500
|